Zaklínač I Posledné želanie /
Prvá poviedková kniha Posledné želanie je skvelým úvodom do ságy o zaklínačovi Geraltovi z Rivie. Bielovlasý zaklínač, majster meča a umenia zabíjať, má v živote len jeden cieľ a obživu – zbavovať svet príšer. Odveké zaklínačské umenie chráni ľudstvo pred tými najodpornejšími stvoreniami. Na svojej...
Uloženo v:
| Hlavní autor: | |
|---|---|
| Médium: | E-kniha |
| Jazyk: | Czech |
| Vydáno: |
Praha :
Albatros Media Slovakia s.r.o.,
2020
|
| Tagy: |
Žádné tagy |
| LEADER | 01572nam a22002297i 4500 | ||
|---|---|---|---|
| 001 | 311530 | ||
| 007 | ta | ||
| 008 | 260601s2020 xr ||||| |||| 00| 0 cze d | ||
| 020 | |a 9788056617373 | ||
| 044 | |a xr | ||
| 100 | 1 | |a Sapkowski, Andrzej |4 aut | |
| 245 | 1 | 0 | |a Zaklínač I Posledné želanie / |c Sapkowski, Andrzej |
| 240 | 1 | 0 | |a Ostatnie zyczenie |
| 264 | 1 | |a Praha : |b Albatros Media Slovakia s.r.o., |c 2020 | |
| 300 | |a 1 online zdroj (360 stran) | ||
| 336 | |a text |b txt |2 rdacontent | ||
| 337 | |a bez média |b n |2 rdamedia | ||
| 338 | |a online zdroj |b cr |2 rdacarrier | ||
| 520 | 2 | |a Prvá poviedková kniha Posledné želanie je skvelým úvodom do ságy o zaklínačovi Geraltovi z Rivie. Bielovlasý zaklínač, majster meča a umenia zabíjať, má v živote len jeden cieľ a obživu – zbavovať svet príšer. Odveké zaklínačské umenie chráni ľudstvo pred tými najodpornejšími stvoreniami. Na svojej dlhej púti však Geralt zistí, že zlo sa často ukrýva práve v ľuďoch, intrigách a nenávisti. Zaklínač si preto vždy vyberá cestu rozumu a snaží sa v sebe zadusiť akékoľvek city. Nie vždy sa mu to však darí. | |
| 910 | |a RBIT002 | ||
| 998 | |d 349718 |a https://core.palmknihy.cz/api/books/349718/cover?sgozm3 |b https://core.palmknihy.cz/api/books/349718/cover/400?sgozm3 |c https://core.palmknihy.cz/api/books/349718/cover/50?sgozm3 |e 2029-12-31 |g 360 |i 9788056617373 |j https://core.palmknihy.cz/api/books/349718/preview.epub |k https://core.palmknihy.cz/api/books/349718/preview.pdf |l |q 49 |r 1 |s https://www.palmknihy.cz/kniha/349718 |t ebook |y 2020 |z 1 | ||
| 999 | |d 311528 | ||